A chronology and fact book of the United Nations,1941-1976 (Record no. 3739)

MARC details
000 -LEADER
fixed length control field 00844cam a22002651 4500
001 - CONTROL NUMBER
control field 7964290
003 - CONTROL NUMBER IDENTIFIER
control field OSt
005 - DATE AND TIME OF LATEST TRANSACTION
control field 20230704112758.0
008 - FIXED-LENGTH DATA ELEMENTS--GENERAL INFORMATION
fixed length control field 750521s1961 xx 000 0 eng
010 ## - LIBRARY OF CONGRESS CONTROL NUMBER
LC control number 61014011
035 ## - SYSTEM CONTROL NUMBER
System control number (OCoLC)1348138
040 ## - CATALOGING SOURCE
Original cataloging agency DLC
Transcribing agency FM
Modifying agency DLC
042 ## - AUTHENTICATION CODE
Authentication code premarc
050 00 - LIBRARY OF CONGRESS CALL NUMBER
Classification number JX1977
Item number .C482
082 ## - DEWEY DECIMAL CLASSIFICATION NUMBER
Classification number 341.1309
100 1# - MAIN ENTRY--PERSONAL NAME
Personal name Chamberlin, Waldo,
Dates associated with a name 1905-
245 02 - TITLE STATEMENT
Title A chronology and fact book of the United Nations,1941-1976
Statement of responsibility, etc. [by] Waldo Chamberlin [and] Thomas Hovet. With a pref. by Andrew W. Cordier.
260 ## - PUBLICATION, DISTRIBUTION, ETC. (IMPRINT)
Place of publication, distribution, etc. New York,
Name of publisher, distributor, etc. Oceana Publications,
Date of publication, distribution, etc. 1961.
300 ## - PHYSICAL DESCRIPTION
Extent 64 p.
Dimensions 23 cm.
440 #4 - SERIES STATEMENT/ADDED ENTRY--TITLE
Title The Oceana library on the United Nations
610 20 - SUBJECT ADDED ENTRY--CORPORATE NAME
Corporate name or jurisdiction name as entry element United Nations
General subdivision History.
700 1# - ADDED ENTRY--PERSONAL NAME
Personal name Hovet, Thomas
Relator term joint author.
906 ## - LOCAL DATA ELEMENT F, LDF (RLIN)
a 7
b cbc
c oclcrpl
d u
e ncip
f 19
g y-gencatlg
942 ## - ADDED ENTRY ELEMENTS (KOHA)
Source of classification or shelving scheme Dewey Decimal Classification
Koha item type Books
Holdings
Withdrawn status Lost status Source of classification or shelving scheme Damaged status Not for loan Home library Current library Date acquired Total Checkouts Full call number Barcode Date last seen Price effective from Koha item type
    Dewey Decimal Classification     County Hall Archives County Hall Archives 07/04/2023   341.1309 10001250 07/04/2023 07/04/2023 Books
LIBRARY OPENING HOURS

When the Parliament is sitting: 8.00a.m - 7.00p.m or until the house adjourns
Mondays and Fridays and when the House is on Recess:  8.00a.m - 5.00p.m
Closed on Weekends and Public Holidays

Online Public Access Catalog (OPAC)
Website: http://www.parliament.go.ke
Bunge Library: https://libraryir.parliament.go.ke
Contact: library@parliament.go.ke | Tel no: (254-2)2221291 or 2848000 Ext 5043